| 000 | 00425cam a2200169ua 4500 | ||
|---|---|---|---|
| 041 |
_aeng _h |
||
| 082 |
_a543.0894 _bSNY/PR |
||
| 100 | _aSnyder, Lloyd R . | ||
| 245 |
_aPractical HPLC method development / _cLloyd R Snyder. _hTextual Documents |
||
| 250 |
_a2 / _b. |
||
| 260 |
_aLondon : _bJohn Wiley & Sons , _c1997. |
||
| 300 | _a765 ; . | ||
| 500 | _a**Reference | ||
| 504 | _a | ||
| 942 | _cBK | ||
| 999 |
_c9636 _d9636 |
||